Электробаланс Сибирского федерального округа - динамика, перспективы; Современные техника и технологии; Т. 1

Detalhes bibliográficos
Parent link:Современные техника и технологии: сборник трудов XX международной научно-практической конференции студентов, аспирантов и молодых ученых, Томск, 14-18 апреля 2014 г./ Национальный исследовательский Томский политехнический университет (ТПУ).— , 2014
Т. 1.— 2014.— [С. 31-32]
Autor principal: Леонова В. К.
Autor Corporativo: Национальный исследовательский Томский политехнический университет (ТПУ) Энергетический институт (ЭНИН) Кафедра электроснабжения промышленных предприятий (ЭПП)
Outros Autores: Климова Г. Н. Галина Николаевна (научный руководитель)
Resumo:Заглавие с титульного экрана
Idioma:russo
Publicado em: 2014
coleção:Электроэнергетика
Assuntos:
Acesso em linha:http://earchive.tpu.ru/handle/11683/20773
http://www.lib.tpu.ru/fulltext/c/2014/C01/V1/014.pdf
Formato: MixedMaterials Recurso Eletrônico Capítulo de Livro
KOHA link:https://koha.lib.tpu.ru/cgi-bin/koha/opac-detail.pl?biblionumber=606463

MARC

LEADER 00000naa2a2200000 4500
001 606463
005 20231101132414.0
035 |a (RuTPU)RU\TPU\conf\3842 
035 |a RU\TPU\conf\3841 
090 |a 606463 
100 |a 20140530d2014 k y0rusy50 ca 
101 0 |a rus 
102 |a RU 
105 |a y z 101zy 
135 |a drcn ---uucaa 
181 0 |a i  
182 0 |a b 
200 1 |a Электробаланс Сибирского федерального округа - динамика, перспективы  |f В. К. Леонова  |g науч. рук. Г. Н. Климова 
203 |a Текст  |c электронный 
225 1 |a Электроэнергетика 
230 |a 1 компьютерный файл (pdf; 263 Kb) 
300 |a Заглавие с титульного экрана 
320 |a [Библиогр.: с. 32 (4 назв.)] 
337 |a Adobe Reader 
461 1 |0 (RuTPU)RU\TPU\conf\3687  |t Современные техника и технологии  |o сборник трудов XX международной научно-практической конференции студентов, аспирантов и молодых ученых, Томск, 14-18 апреля 2014 г.  |o в 3 т.  |f Национальный исследовательский Томский политехнический университет (ТПУ)   |d 2014 
463 0 |0 (RuTPU)RU\TPU\conf\3688  |t Т. 1  |v [С. 31-32]  |d 2014 
610 1 |a труды учёных ТПУ 
610 1 |a электронный ресурс 
610 1 |a электробаланс 
610 1 |a Сибирский федеральный округ 
610 1 |a динамика 
610 1 |a перспективы 
610 1 |a энергопотребление 
700 1 |a Леонова  |b В. К. 
702 1 |a Климова  |b Г. Н.  |c специалист в области энергетики  |c доцент Томского политехнического университета, кандидат технических наук  |f 1976-  |g Галина Николаевна  |2 stltpush  |4 727 
712 0 2 |a Национальный исследовательский Томский политехнический университет (ТПУ)  |b Энергетический институт (ЭНИН)  |b Кафедра электроснабжения промышленных предприятий (ЭПП)  |h 186  |2 stltpush  |3 (RuTPU)RU\TPU\col\18676 
801 2 |a RU  |b 63413507  |c 20210310  |g RCR 
856 4 |u http://earchive.tpu.ru/handle/11683/20773 
856 4 |u http://www.lib.tpu.ru/fulltext/c/2014/C01/V1/014.pdf 
942 |c BK